Museums : (Record no. 352170)
[ view plain ]
| 000 -LEADER | |
|---|---|
| fixed length control field | 00881 a2200253 4500 |
| 003 - CONTROL NUMBER IDENTIFIER | |
| control field | OSt |
| 005 - DATE AND TIME OF LATEST TRANSACTION | |
| control field | 20180116192325.0 |
| 008 - FIXED-LENGTH DATA ELEMENTS--GENERAL INFORMATION | |
| fixed length control field | 120214t xxu||||| |||| 00| 0 eng d |
| 020 ## - INTERNATIONAL STANDARD BOOK NUMBER | |
| International Standard Book Number | 885440280X (hardcover) |
| 020 ## - INTERNATIONAL STANDARD BOOK NUMBER | |
| International Standard Book Number | 9788854402805 (hardcover) |
| 040 ## - CATALOGING SOURCE | |
| Transcribing agency | 0 |
| 082 04 - DEWEY DECIMAL CLASSIFICATION NUMBER | |
| Classification number | 725.6 |
| 100 1# - MAIN ENTRY--PERSONAL NAME | |
| Personal name | Gamin, Giulia. |
| 9 (RLIN) | 5875 |
| 245 10 - TITLE STATEMENT | |
| Title | Museums : |
| Remainder of title | masterpieces of world architecture / |
| Statement of responsibility, etc. | Giulia Gamin. |
| 260 ## - PUBLICATION, DISTRIBUTION, ETC. | |
| Place of publication, distribution, etc. | Vercelli, Italy : |
| Name of publisher, distributor, etc. | White Star, |
| Date of publication, distribution, etc. | c.2007 |
| 300 ## - PHYSICAL DESCRIPTION | |
| Extent | 304 p. ; pic (col) |
| Dimensions | 36 cm. |
| 490 1# - SERIES STATEMENT | |
| Series statement | Wonders of the world. |
| 650 ## - SUBJECT ADDED ENTRY--TOPICAL TERM | |
| Topical term or geographic name entry element | Museum architecture |
| 9 (RLIN) | 5876 |
| 650 ## - SUBJECT ADDED ENTRY--TOPICAL TERM | |
| Topical term or geographic name entry element | Museums |
| General subdivision | Design and construction |
| 9 (RLIN) | 5877 |
| 830 #0 - SERIES ADDED ENTRY--UNIFORM TITLE | |
| Uniform title | Wonders of the world. |
| 9 (RLIN) | 5878 |
| 856 40 - ELECTRONIC LOCATION AND ACCESS | |
| Materials specified | Amazon.com |
| Uniform Resource Identifier | <a href="http://www.amazon.com/exec/obidos/ASIN/885440280X/chopaconline-20">http://www.amazon.com/exec/obidos/ASIN/885440280X/chopaconline-20</a> |
| 942 ## - ADDED ENTRY ELEMENTS (KOHA) | |
| Institution code [OBSOLETE] | SADA |
| Koha item type | Reference |
| Call number prefix | 725.6 CAM 2007 |
| Source of classification or shelving scheme | |
| Withdrawn status | Lost status | Source of classification or shelving scheme | Damaged status | Not for loan | Permanent Location | Current Location | Date acquired | Total Checkouts | Full call number | Barcode | Date last seen | Date last checked out | Cost, replacement price | Price effective from | Koha item type |
|---|---|---|---|---|---|---|---|---|---|---|---|---|---|---|---|
| School of Art Design and Architecture (SADA) | School of Art Design and Architecture (SADA) | 09/17/2010 | 2 | REF 725.6 CAM 2007 | SADA0000135 | 01/03/2012 | 12/23/2011 | 3680.00 | 08/05/2011 | Reference |
